| 000 | 00836nam a22002417a 4500 | ||
|---|---|---|---|
| 005 | 20130527152143.0 | ||
| 008 | 080826t xxu||||| |||| 00| 0 eng d | ||
| 010 | _aB-506576-577 | ||
| 020 |
_a9788131760260 _c450.00 |
||
| 035 | _aB-506576-577 | ||
| 037 | _aKKP/Ven | ||
| 040 |
_aDPL _bEnglish |
||
| 082 | _a540 | ||
| 100 | _aRawal, Sanjay | ||
| 245 |
_aThe pearson guide to UGC-CSIR chemical science / _cby Sanjay Rawal |
||
| 246 | _a UGC-CSIR chemical science | ||
| 260 |
_aDelhi _bPearson Education _c2012 |
||
| 270 |
_a7th Floor, Knowledge Boulevard, A-8(A), Sec-62 _bNoida _e201309 |
||
| 300 |
_aVarious pages _c24 cm (pbk) |
||
| 500 | _a. | ||
| 942 |
_2ddc _cEN _mRAW _h540 |
||
| 999 |
_c75926 _d75926 |
||